Of love and shadows (Record no. 10022)
[ view plain ]
| 000 -LEADER | |
|---|---|
| fixed length control field | 00365 a2200121 4500 |
| 020 ## - INTERNATIONAL STANDARD BOOK NUMBER | |
| International Standard Book Number | 0394549627 |
| 040 ## - CATALOGING SOURCE | |
| Original cataloging agency | DLC |
| Language of cataloging | DLC |
| 100 10 - MAIN ENTRY--PERSONAL NAME | |
| Personal name | Allende, Isabel. |
| 245 10 - TITLE STATEMENT | |
| Title | Of love and shadows |
| Statement of responsibility, etc. | Isabel Allende ; translated from the Spanish by Margaret Sayers Peden. |
| 260 ## - PUBLICATION, DISTRIBUTION, ETC. | |
| Place of publication, distribution, etc. | New York |
| Name of publisher, distributor, etc. | Black Swan Book, |
| Date of publication, distribution, etc. | 1987. |
| 300 ## - PHYSICAL DESCRIPTION | |
| Extent | 274 p. |
| Dimensions | ; 22 cm. |
| 942 ## - ADDED ENTRY ELEMENTS (KOHA) | |
| Koha item type | Book |
| Call number prefix | 863.64 ALL |
| Source of classification or shelving scheme | |
| Withdrawn status | Lost status | Damaged status | Not for loan | Collection code | Permanent Location | Current Location | Shelving location | Date acquired | Source of acquisition | Cost, normal purchase price | Total Checkouts | Full call number | Barcode | Date last seen | Date last checked out | Price effective from | Koha item type |
|---|---|---|---|---|---|---|---|---|---|---|---|---|---|---|---|---|---|
| Central Library (CL) | Central Library (CL) | General Stacks | 12/29/2005 | New Public Book | 930.87 | 1 | 863.64 ALL | SEECS006784 | 10/11/2014 | 01/21/2014 | 01/05/2017 | Book |
